000 00414nam a22001697a 4500
003 MPLRDC
005 20220104124406.0
008 210129b ||||| |||| 00| 0 eng d
020 _a957-718-018-3
082 _a496.5 LH
100 _a陆华编
245 _a如何掌握顾客心理
_c
260 _a
_b满庭芳出版社
_c1993
300 _b
650 _a推销策略; 贩卖术
942 _cBK
_o496.5 LH
999 _c18962
_d18952